<?xml version="1.0" encoding="UTF-8"?>
<record
    xmlns:xsi="http://www.w3.org/2001/XMLSchema-instance"
    xsi:schemaLocation="http://www.loc.gov/MARC21/slim http://www.loc.gov/standards/marcxml/schema/MARC21slim.xsd"
    xmlns="http://www.loc.gov/MARC21/slim">

  <leader>00321nam a2200121 a 4500</leader>
  <controlfield tag="005">20141022142000.0</controlfield>
  <controlfield tag="008">080930s19uu    xx            00    eng d</controlfield>
  <datafield tag="050" ind1=" " ind2=" ">
    <subfield code="a">VHS</subfield>
    <subfield code="b">MO17 2003</subfield>
  </datafield>
  <datafield tag="245" ind1=" " ind2=" ">
    <subfield code="a">Standford executive briefings: value based leadership.</subfield>
  </datafield>
  <datafield tag="650" ind1=" " ind2=" ">
    <subfield code="a">VHS</subfield>
  </datafield>
  <datafield tag="650" ind1=" " ind2=" ">
    <subfield code="a">Value based leadership.</subfield>
  </datafield>
  <datafield tag="942" ind1=" " ind2=" ">
    <subfield code="c">AVM</subfield>
  </datafield>
  <datafield tag="999" ind1=" " ind2=" ">
    <subfield code="c">276201</subfield>
    <subfield code="d">276201</subfield>
  </datafield>
  <datafield tag="952" ind1=" " ind2=" ">
    <subfield code="0">0</subfield>
    <subfield code="1">0</subfield>
    <subfield code="4">0</subfield>
    <subfield code="5">0</subfield>
    <subfield code="a">CL</subfield>
    <subfield code="b">CL</subfield>
    <subfield code="c">AV</subfield>
    <subfield code="d">2010-08-25</subfield>
    <subfield code="e">Lib. Fund</subfield>
    <subfield code="g">6650.00</subfield>
    <subfield code="l">0</subfield>
    <subfield code="o">VHS MO17 2003</subfield>
    <subfield code="p">AVM0015</subfield>
    <subfield code="r">2014-11-11 00:00:00</subfield>
    <subfield code="w">2014-04-12</subfield>
    <subfield code="y">AVM</subfield>
  </datafield>
</record>
